Rǧimen econm̤ico matrimonial Comentarios a los artc̕ulos 1315 a 1444 de Cd̤igo Civil /

Detalles Bibliográficos
Autor principal: Vz̀quez Iruzubieta, Carlos
Formato: eBook
Lenguaje:español
Publicado: Barcelona : Editorial vLex, 2009
Materias:
Acceso en línea:Acceso restringido

MARC

LEADER 00000nam a22000007a 4500
005 20111222131739.0
007 cr|||| ||||
008 111222s2009 sp |||||s|||| 00||0 spa d
035 |a 2822 
040 |a vLex 
090 |c 2855  |d 2855 
100 1 |a Vz̀quez Iruzubieta, Carlos 
245 |a Rǧimen econm̤ico matrimonial  |h [Recurso electrn̤ico] :  |b Comentarios a los artc̕ulos 1315 a 1444 de Cd̤igo Civil /  |c Carlos Vz̀ques Iruzubieta 
256 |a Servicio en ln̕ea 
260 |a Barcelona :  |b Editorial vLex,  |c 2009 
300 |a 1 recurso en ln̕ea 
506 1 |a Contenido solo disponible en los productos indicados  |d vLex Global   |d vLex Global (Academic Edition, excluding Law Schools)   |d vLex Global (U.S. Academic Edition, Law Schools)   |d vLex Global (U.S. Academic Edition, excluding Law Schools)   |d vLex Global (Academic Edition, Law Schools)  
650 0 7 |2 Tesauro vLex  |a Matrimonio 
650 0 7 |2 Tesauro vLex  |a Rǧimen econm̤ico matrimonial 
740 0 |a vLex Libros (Servicio en ln̕ea) 
856 4 0 |u http://vlex.com/source/regimen-economico-matrimonial-comentarios-articulos-codigo-civil-2822  |z Acceso restringido 
942 |c BOOK 
999 0 |a Marriage 
999 0 |a Marital property 
999 0 |a Civil law